000
00210 a2200109 4500
020
_a
9780140542530
041
_a
spa
100
_a
Leaf, Munro
245
_a
El cuento de Ferdinando
942
_c
BK
952
_7
1
999
_c
25379
_d
25379